Polymer English Grammer and Composition For BA Students (Record no. 298812)

000 -LEADER
fixed length control field 00233 a2200097 4500
001 - CONTROL NUMBER
control field 63739
082 ## - DEWEY DECIMAL CLASSIFICATION NUMBER
Classification number 428 CHI
090 ## - LOCALLY ASSIGNED LC-TYPE CALL NUMBER (OCLC); LOCAL CALL NUMBER (RLIN)
-- 37717
-- 37717
100 ## - MAIN ENTRY--PERSONAL NAME
Personal name B.A Chishty
245 ## - TITLE STATEMENT
Title Polymer English Grammer and Composition For BA Students
260 ## - PUBLICATION, DISTRIBUTION, ETC.
Place of publication, distribution, etc. Lahore
Name of publisher, distributor, etc. Polymer PUb
Holdings
Withdrawn status Lost status Damaged status Not for loan Collection code Permanent Location Current Location Date acquired Total Checkouts Barcode Date last seen Price effective from Koha item type
          College of Aeronautical Engineering (CAE) College of Aeronautical Engineering (CAE) 04/03/2017   CAE73775 04/05/2017 04/05/2017 Book
          College of Aeronautical Engineering (CAE) College of Aeronautical Engineering (CAE) 04/03/2017   CAE73895 04/05/2017 04/05/2017 Book
© 2023 Central Library, National University of Sciences and Technology. All Rights Reserved.